| 000 | 00558nam a2200181Ia 4500 | ||
|---|---|---|---|
| 003 | SGT | ||
| 020 | _a9788126508495 | ||
| 082 |
_a5.8 _bCAN |
||
| 100 | _aCannon, David L. | ||
| 245 | _aCISA certified information systems auditor study guide | ||
| 260 |
_bWiley India Pvt. Ltd. _aN.Delhi _c2006 |
||
| 300 | _a434p. | ||
| 650 | _aCOMPUTER SCIENCE | ||
| 653 | _aSECRETS OF A SUCCESSFUL IS AUDITOR,AUDIT PROCESS, IT GOVERNANCE, IT SERVICE DELIVERY INFORMATION ASSET PROTECTION | ||
| 700 | _aBergmann,Timothy S | ||
| 700 | _aPamplin,Brady | ||
| 942 |
_2ddc _cBK |
||
| 999 |
_c5656 _d5656 |
||